000 00635nam a2200169 i 4500
001 40016
003 ES-MaACL
005 20250626063137.0
007 t|
008 030304s1963 sp ||||1| spa d
100 0 _aCarranza, José León de,
_cMarqués de Villapesadilla
_935504
245 1 0 _aExposición del alcalde de Cádiz con motivo del décimo quinto aniversario de su toma posesión
_b: sesión extraordinaria del día 10 de febrero de 1963 /
_cJosé León de Carranza.
260 _a[Cádiz :
_bEscelicer],
_c1963.
300 _a35 p. ;
_c22 cm.
852 _aES-MaACL
_j2038-F-13
_bR.52010
999 _c40016
_d40016